<?xml version="1.0" encoding="UTF-8"?>
<collection xmlns="http://www.loc.gov/MARC21/slim">
<record>
  <controlfield tag="001">97272</controlfield>
  <controlfield tag="005">20210526094557.0</controlfield>
  <datafield tag="024" ind1="7" ind2=" ">
    <subfield code="2">doi</subfield>
    <subfield code="a">10.36707/palaeohispanica.v0i19.201</subfield>
  </datafield>
  <datafield tag="024" ind1="8" ind2=" ">
    <subfield code="2">sideral</subfield>
    <subfield code="a">121344</subfield>
  </datafield>
  <datafield tag="037" ind1=" " ind2=" ">
    <subfield code="a">ART-2019-121344</subfield>
  </datafield>
  <datafield tag="041" ind1=" " ind2=" ">
    <subfield code="a">spa</subfield>
  </datafield>
  <datafield tag="100" ind1=" " ind2=" ">
    <subfield code="a">Diaz Ariño, B.</subfield>
    <subfield code="u">Universidad de Zaragoza</subfield>
    <subfield code="0">(orcid)0000-0001-9099-5811</subfield>
  </datafield>
  <datafield tag="245" ind1=" " ind2=" ">
    <subfield code="a">Jose Antonio Minguez Morales (1962-2019), in memoriam</subfield>
  </datafield>
  <datafield tag="260" ind1=" " ind2=" ">
    <subfield code="c">2019</subfield>
  </datafield>
  <datafield tag="506" ind1="0" ind2=" ">
    <subfield code="a">Access copy available to the general public</subfield>
    <subfield code="f">Unrestricted</subfield>
  </datafield>
  <datafield tag="520" ind1="3" ind2=" ">
    <subfield code="a">Sin duda este es el texto más difícil con el que hemos tenido que enfrentarnos en nuestra vida. A pesar de que ya en otras ocasiones hicimos alguna breve reseña acerca de la trayectoria profesional de José Antonio Mínguez Morales, resulta terrible escribir sobre su vida en pretérito perfecto, de manera que la frialdad lingüística de este término nos resulta aún más dolorosa.
Sin embargo, aun cuando ya hace unos meses que nos dejó y aunque con el paso del tiempo seguimos sin encontrar consuelo, no queremos con estas líneas lamentar su pérdida sino sobre todo celebrar la inmensa fortuna que hemos tenido de haberle conocido y tratado durante muchos años y de saber, además, con total certeza, que nos contábamos entre sus amigos.
José Antonio Mínguez fue una persona extraordinaria en el sentido más literal del término, a pesar de que su infancia y su adolescencia no podían ser más típicas de la Zaragoza de los sesenta y los setenta. Buen estudiante, hubiera podido enfocarse en su carrera profesional hacia donde hubiera querido, pero eligió un camino complicado y tortuoso, aunque seguramente más apasionante que muchos otros: la historia...</subfield>
  </datafield>
  <datafield tag="540" ind1=" " ind2=" ">
    <subfield code="9">info:eu-repo/semantics/openAccess</subfield>
    <subfield code="a">by-nc-nd</subfield>
    <subfield code="u">http://creativecommons.org/licenses/by-nc-nd/3.0/es/</subfield>
  </datafield>
  <datafield tag="655" ind1=" " ind2="4">
    <subfield code="a">info:eu-repo/semantics/other</subfield>
    <subfield code="v">info:eu-repo/semantics/publishedVersion</subfield>
  </datafield>
  <datafield tag="700" ind1=" " ind2=" ">
    <subfield code="a">Mayayo Catalan, A.</subfield>
  </datafield>
  <datafield tag="710" ind1="2" ind2=" ">
    <subfield code="1">3000</subfield>
    <subfield code="2">445</subfield>
    <subfield code="a">Universidad de Zaragoza</subfield>
    <subfield code="b">Dpto. Ciencias de la Antigüed.</subfield>
    <subfield code="c">Área Historia Antigua</subfield>
  </datafield>
  <datafield tag="773" ind1=" " ind2=" ">
    <subfield code="g">19 (2019), 19-23</subfield>
    <subfield code="p">Palaeohispánica (Zaragoza)</subfield>
    <subfield code="t">Palaeohispánica (Zaragoza)</subfield>
    <subfield code="x">1578-5386</subfield>
  </datafield>
  <datafield tag="856" ind1="4" ind2=" ">
    <subfield code="s">352966</subfield>
    <subfield code="u">http://zaguan.unizar.es/record/97272/files/texto_completo.pdf</subfield>
    <subfield code="y">Versión publicada</subfield>
  </datafield>
  <datafield tag="856" ind1="4" ind2=" ">
    <subfield code="s">14221</subfield>
    <subfield code="u">http://zaguan.unizar.es/record/97272/files/texto_completo.jpg?subformat=icon</subfield>
    <subfield code="x">icon</subfield>
    <subfield code="y">Versión publicada</subfield>
  </datafield>
  <datafield tag="909" ind1="C" ind2="O">
    <subfield code="o">oai:zaguan.unizar.es:97272</subfield>
    <subfield code="p">articulos</subfield>
    <subfield code="p">driver</subfield>
  </datafield>
  <datafield tag="951" ind1=" " ind2=" ">
    <subfield code="a">2021-05-26-09:31:33</subfield>
  </datafield>
  <datafield tag="980" ind1=" " ind2=" ">
    <subfield code="a">ARTICLE</subfield>
  </datafield>
</record>
</collection>